15 krajów o największej liczbie zgonów Covid19 - 9 czerwca - Statystyki

Ogólne statystyki
  • Ten quiz został rozwiązany 48 razy
  • Średni wynik to 12 z 20
Statystyki odpowiedzi
kraj % Poprawnych
Stany Zjednoczone
97%
Rosja
92%
Francja
86%
Hiszpania
83%
Włochy
81%
Niemcy
78%
Wielka Brytania
72%
Indie
67%
Brazylia
64%
Kanada
64%
Portugalia
61%
Szwecja
61%
Meksyk
58%
Belgia
44%
Holandia
39%
Iran
33%
Szwajcaria
31%
Irlandia
25%
Peru
22%
Ekwador
6%
Nie znaleziono quizów pasujących do podanych kryteriów
Rozkład punktacji
Procent ludzi z każdym wynikiem
Percentyl według liczby udzielonych odpowiedzi
Twoja historia wyników
Nie rozwiązałeś tego quizu